|
|
|
|
| LEADER |
00922nam a22002652a 4500 |
| 001 |
000889266 |
| 003 |
CZ BrMZK |
| 005 |
20080312095206.0 |
| 007 |
ta |
| 008 |
080312s1991 xo er|||||||||||slo d |
| 020 |
|
|
|a 80-7100-040-X
|
| 040 |
|
|
|a ABA001
|b cze
|c ABA001
|d ABA001
|
| 080 |
9 |
|
|a 656.25(075.8)
|
| 100 |
1 |
|
|a Šoltýs, Vojtech
|7 mzk2007424084
|4 aut
|
| 245 |
1 |
0 |
|a Oznamovacia a zabezpečovacia technika /
|c Vojtech Šoltýs a kol.
|
| 250 |
|
|
|a 1. vyd.
|
| 260 |
|
|
|a Žilina :
|b Vysoká školy dopravy a spojov,
|c 1991
|
| 300 |
|
|
|a 333 s. :
|b il., tab. ;
|c 4°
|
| 504 |
|
|
|a Obsahuje bibliografii
|
| 521 |
8 |
|
|a Určené pre študentov S PED a S VŠDS v Žiline
|
| 910 |
|
|
|a BOA001
|b 4-0971.710
|
| 964 |
|
|
|a Železniční doprava - zabezpečovací technika - učebnice - vysoké školy
|
| 990 |
|
|
|a BK
|
| 991 |
|
|
|b 200803
|
| 996 |
7 |
|
|b 2618731204
|c 4-0971.710
|l MZK
|r Sklad / do 1 hodiny
|n 2
|w 000889266
|u 000010
|a 1
|e BOA001
|j MZK50
|s A
|